005480000a22001330004500008004100000082001700041245013500058260006700193300001100260650002400271942000700295952009700302999001500399230817t ||||| |||| 00| 0 eng d a370.954bEDU aEducation and Training in Sri Lanka: (An Asian Development Bank Sponsored Project)bAnnexures (Vital Selected Statistics):nVol. 4 bEducational Consultants India LimitedaIndia (New Delhi)c1989 a211 p. aEDUCATION-Sri Lanka cRP 00102ddc4070aMAINbMAINd2023-08-17l0o370.954 EDUpRAF4412r2023-08-17w2023-08-17yRP c1802d1802